000
00298nam a22000977a 4500
008
150624b xxu||||| |||| 00| 0 eng d
010
_8
HCCRSARF:008
245
_a
HIGH COURT CRIMINAL SESSION NO.103 OF 1970 Uganda Vs Joseph Menya
260
_a
High Court Kampala
500
_3
BEFORE: Hon. Mr. Justice Mead
999
_c
6679
_d
6679